US State Capitals Alphabetically - Statistics

General Stats
  • This quiz has been taken 2,034 times
    2,032 since last reset
  • The average score is 26 of 50
Answer Stats
Capital % Correct
Albany
90%
Annapolis
85%
Augusta
84%
Atlanta
82%
Austin
81%
Boise
77%
Baton Rouge
76%
Bismarck
75%
Boston
73%
Carson City
70%
Columbus
69%
Columbia
68%
Denver
68%
Dover
67%
Cheyenne
66%
Charleston
64%
Concord
58%
Des Moines
58%
Frankfort
58%
Honolulu
53%
Indianapolis
53%
Harrisburg
52%
Jackson
52%
Jefferson City
50%
Helena
49%
Juneau
49%
Lansing
47%
Hartford
46%
Madison
41%
Sacramento
41%
Lincoln
39%
Little Rock
39%
Montgomery
37%
Olympia
37%
Tallahassee
37%
Nashville
36%
Oklahoma City
36%
Raleigh
36%
Montpelier
34%
Salem
34%
Trenton
34%
Providence
33%
Phoenix
32%
Pierre
32%
Richmond
32%
Santa Fe
32%
St Paul
31%
Topeka
31%
Salt Lake City
30%
Springfield
28%
No matching quizzes found
Score Distribution
Percent of People with Each Score
Percentile by Number Answered
Your Score History
You have not taken this quiz since the last reset